000 00268nam a2200109Ia 4500
008 190914s9999||||xx |||||||||||||| ||und||
100 _aDoug Newsom
245 0 _aPublic Relations Writing Form & Style
260 _aIndia
_bS. Chand
_c2008
300 _a624
942 _cBK
999 _c10115
_d10115